| 000 | 00429cam a2200169ua 4500 | ||
|---|---|---|---|
| 003 | OSt | ||
| 008 | 221219b |||||||| |||| 00| 0 eng d | ||
| 041 | _aeng | ||
| 082 |
_a516.02 _bTHI/EL |
||
| 100 |
_aThiruvenkatacharya, V . _95360 |
||
| 245 | _aElements of pure geometry / | ||
| 250 | _a1 / | ||
| 260 |
_aMadras : _bCentral Art Press , _c1962. |
||
| 300 | _a181 ; . | ||
| 700 | 1 |
_aNarasimhan, K S V S . _95361 |
|
| 942 | _cBK | ||
| 999 |
_c3015 _d3015 |
||